Reflexe vývoje výhod a nevýhod e-learningu

Výhody a nevýhody e-learningu. Vývoj spracovania danej problematiky. Záležitosti a aktivity, ktoré menia e-learning a inovujú zoznam položiek výhod a nevýhod. Výhody pre študentov. Nevýhody pre organizáciu. Úloha učiteľa.

Na minha lista:
Detalhes bibliográficos
Autor principal: Egerová, Dana
Formato: Capítulo de Livro
Idioma:tcheco
Assuntos:
Tags: Adicionar Tag
Sem tags, seja o primeiro a adicionar uma tag!

MARC

LEADER 00000naa$a2200000$$$4500
001 0081313
005 20231010124813.4
041 0 |a cze 
044 |a SK 
245 1 0 |a Reflexe vývoje výhod a nevýhod e-learningu  |c Dana Egerová 
520 |a Výhody a nevýhody e-learningu. Vývoj spracovania danej problematiky. Záležitosti a aktivity, ktoré menia e-learning a inovujú zoznam položiek výhod a nevýhod. Výhody pre študentov. Nevýhody pre organizáciu. Úloha učiteľa. 
610 2 0 |a vzdelávanie elektronické 
610 2 0 |a učitelia 
610 2 0 |a náklady 
610 2 0 |a technológie informačné 
610 2 0 |a efektívnosť 
100 1 |a Egerová, Dana